| 000 | 01254nam a2200361Ia 4500 | ||
|---|---|---|---|
| 001 | 2993 | ||
| 008 | 230305s2018 xx 000 0 und d | ||
| 020 | _a9780194024204 | ||
| 043 | _aen_UK | ||
| 041 | _aeng | ||
| 245 | 0 | _aSherlock Holmes | |
| 250 | _aSimplified edition | ||
| 260 |
_a _bOxford University Press, _c2018 |
||
| 300 |
_a68 p. _bill. _c20 cm. |
||
| 500 | _amore short stories | ||
| 520 | _aSherlock Holmes is famous around the world. When the police cannot solve a crime, they turn to Holmes. ; He never misses a clue, and when he looks carefully at a person, he can understand everything about them. These are two of the best Sherlock Holmes stories. | ||
| 650 |
_aSherlock Holmes _x Short stories _912693 |
||
| 650 |
_aLanguages _x learning _912606 |
||
| 700 |
_aGuillem, _eIllustrator _922158 |
||
| 700 |
_aDoyle, Arthur Conan _eAuthor _912695 |
||
| 700 |
_aWest, Clare _eAuthor _912696 |
||
| 902 | _a1660 | ||
| 905 | _am | ||
| 911 | _ahttps://biblioteca.tbs-education.es/portadas/9780194024204.jpg | ||
| 912 | _a2018-01-01 | ||
| 942 | _a1 | ||
| 953 | _d2021-03-19 16:19:14 | ||
| 999 |
_c2851 _d2851 |
||
| 655 |
_aNovels _922644 |
||
| 653 | _aREADING IN ENGLISH | ||
| 655 |
_aLiterary classics _924429 |
||
| 655 | 0 |
_aFiction _922716 |
|